<?xml version="1.0" encoding="UTF-8"?>
<collection xmlns="http://www.loc.gov/MARC21/slim">
<record>
  <controlfield tag="001">4540</controlfield>
  <controlfield tag="005">20200131164922.0</controlfield>
  <datafield tag="024" ind1="7" ind2=" ">
    <subfield code="2">DOI</subfield>
    <subfield code="a">10.25518/0037-9565.8620</subfield>
  </datafield>
  <datafield tag="037" ind1=" " ind2=" ">
    <subfield code="a">SCART-2020-0014</subfield>
  </datafield>
  <datafield tag="037" ind1=" " ind2=" ">
    <subfield code="a">SCART-2019-0129</subfield>
  </datafield>
  <datafield tag="100" ind1=" " ind2=" ">
    <subfield code="a">De Cat, P.</subfield>
  </datafield>
  <datafield tag="245" ind1=" " ind2=" ">
    <subfield code="a">Proceedings of the 2nd BINA workshop: BINA as an expanding international collaboration</subfield>
  </datafield>
  <datafield tag="260" ind1=" " ind2=" ">
    <subfield code="c">2019</subfield>
  </datafield>
  <datafield tag="500" ind1=" " ind2=" ">
    <subfield code="a">in Proceedings of the second Belgo-Indian Network for Astronomy &amp; Astrophysics (BINA) workshop "BINA as an expanding international collaboration" (09-12/10/2018, Brussels, Belgium)</subfield>
  </datafield>
  <datafield tag="520" ind1=" " ind2=" ">
    <subfield code="a">The Belgo-Indian Network for Astronomy &amp; astrophysics (BINA) was initiated in 2014 to stimulate Belgian and Indian astronomers to collaborate on projects that are based on observations with the Indo-Belgian telescopes and other telescopes of interest. After the successful event of the 1st BINA workshop that took place in Nainital (India) in November 2016, the 2nd BINA workshop was held in Brussels (Belgium) in October 2018 to promote this network as an expanding international collaboration. In this paper, a detailed overview of this event is presented as an introduction to the proceedings containing 39 additional papers corresponding to presentations that were given at the 2nd BINA workshop.</subfield>
  </datafield>
  <datafield tag="536" ind1=" " ind2=" ">
    <subfield code="a">BL/</subfield>
    <subfield code="c">11/</subfield>
    <subfield code="f">IN07</subfield>
  </datafield>
  <datafield tag="594" ind1=" " ind2=" ">
    <subfield code="a">NO</subfield>
  </datafield>
  <datafield tag="653" ind1="1" ind2=" ">
    <subfield code="a">BINA; Astronomy; Astrophysics</subfield>
  </datafield>
  <datafield tag="700" ind1=" " ind2=" ">
    <subfield code="a">Lampens, P.</subfield>
  </datafield>
  <datafield tag="700" ind1=" " ind2=" ">
    <subfield code="a">Joshi, S.</subfield>
  </datafield>
  <datafield tag="700" ind1=" " ind2=" ">
    <subfield code="a">De Becker, M.</subfield>
  </datafield>
  <datafield tag="700" ind1=" " ind2=" ">
    <subfield code="a">Jorissen, A.</subfield>
  </datafield>
  <datafield tag="773" ind1=" " ind2=" ">
    <subfield code="c">1-18</subfield>
    <subfield code="n">October 2019</subfield>
    <subfield code="p">Bulletin de la Société Royale des Sciences de Liège</subfield>
    <subfield code="v">88</subfield>
    <subfield code="y">2019</subfield>
  </datafield>
  <datafield tag="856" ind1="0" ind2=" ">
    <subfield code="f">patricia.lampens@observatoire.be</subfield>
  </datafield>
  <datafield tag="856" ind1="0" ind2=" ">
    <subfield code="f">peter.decat@observatoire.be</subfield>
  </datafield>
  <datafield tag="905" ind1=" " ind2=" ">
    <subfield code="a">published in</subfield>
  </datafield>
  <datafield tag="980" ind1=" " ind2=" ">
    <subfield code="a">REFERD</subfield>
  </datafield>
</record>
</collection>